|
|
|
|
| LEADER |
00000naa2a2200000 4500 |
| 001 |
161507 |
| 005 |
20251204135232.0 |
| 035 |
|
|
|a (RuTPU)RU\TPU\book\175130
|
| 090 |
|
|
|a 161507
|
| 100 |
|
|
|a 20090609d2008 k y0rusy50 ca
|
| 101 |
0 |
|
|a rus
|
| 102 |
|
|
|a RU
|
| 135 |
|
|
|a drnn ---uucaa
|
| 181 |
|
0 |
|a i
|
| 182 |
|
0 |
|a b
|
| 200 |
1 |
|
|a Полнотекстовая электронная библиотека Томского политехнического университета. Опыт создания, наполнения и использования
|f Л. Ю. Шустова
|
| 203 |
|
|
|a Текст
|c электронный
|
| 215 |
|
|
|a 1 файл (96 Кб)
|
| 300 |
|
|
|a Заглавие с титульного листа
|
| 300 |
|
|
|a Электронная версия печатной публикации
|
| 337 |
|
|
|a Adobe Reader
|
| 463 |
|
1 |
|0 (RuTPU)RU\TPU\book\161541
|t Электронные ресурсы библиотек: создание , использование, мониторинг
|o международный научно-практический семинар, Томск 2008 г.
|f Томская областная универсальная научная библиотека им. А. С. Пушкина (ТОУНБ)
|d 2008
|
| 610 |
1 |
|
|a электронные библиотеки
|
| 610 |
1 |
|
|a НТБ ТПУ
|
| 610 |
1 |
|
|a полнотекстовые базы данных
|
| 610 |
1 |
|
|a библиотечная работа
|
| 610 |
1 |
|
|a библиотечно-информационная деятельность
|
| 610 |
1 |
|
|a электронный ресурс
|
| 700 |
|
1 |
|a Шустова
|b Л. Ю.
|c ведущий библиотекарь НТБ Томского политехнического университета
|g Людмила Юрьевна
|f 1967-
|3 (RuTPU)RU\TPU\pers\30827
|9 15074
|
| 801 |
|
2 |
|a RU
|b 63413507
|c 20200901
|g PSBO
|
| 856 |
4 |
|
|u http://www.lib.tpu.ru/fulltext/m/2009/m9.pdf
|
| 942 |
|
|
|c CF
|